000
00376nam a22001577a 4500
003
MPLRDC
005
20220104151807.0
008
210129b ||||| |||| 00| 0 eng d
082
_a
177 DHH-25 c.2
100
_a
多湖辉
245
_a
攻心术
_c
林怀卿译
260
_a
_b
南华出版社
_c
300
_b
平
650
_a
应用心理学
942
_c
BK
_o
177 DHH-25 c.2
999
_c
52559
_d
52549